000 00465nam a2200145Ia 4500
008 100415s9999 xx 000 0 und d
082 _b5787
_a580
100 _aParker,B.M
245 _aThe Plant World : The Basre Sciences Education Series
260 _aEVANSTON
_c1957
_bROW PETERSON AND CO.
365 _b0
630 _aThe Plant World : The Basre Sciences Education Series
730 _aThe Plant World : The Basre Sciences Education Series
942 _cBOOK
999 _c588760
_d588757